|
|
|
|
| LEADER |
00973nam a2200253 a 4500 |
| 001 |
15082561 |
| 008 |
100111s2007 ii b 000 0 eng d |
| 010 |
|
|
|a 2007375596
|
| 020 |
|
|
|a 9788170463221
|
| 020 |
|
|
|a 817046322X
|
| 040 |
|
|
|a DLC
|c DLC
|d BD-DhAAL
|
| 082 |
0 |
0 |
|a 305.4201
|2 22
|
| 100 |
1 |
|
|a Subramanyan, K. G.,
|d 1924-
|
| 245 |
1 |
4 |
|a The magic of making :
|b essays on art and culture /
|c K.G. Subramanyan.
|
| 246 |
3 |
0 |
|a Essays on art and culture
|
| 260 |
|
|
|a Calcutta :
|b Seagull Books ;
|a New Delhi :
|b Exclusively distributed in South Asia by Cambridge University Press,
|c 2007.
|
| 300 |
|
|
|a viii, 356 p. ;
|c 25 cm.
|
| 504 |
|
|
|a Includes bibliographical references.
|
| 541 |
1 |
|
|e 00016580
|
| 650 |
|
0 |
|a Art.
|
| 650 |
|
0 |
|a Culture.
|
| 852 |
4 |
|
|a Ayesha Abed Library
|j General shelf
|
| 999 |
|
|
|c 6891
|d 6891
|
| 952 |
|
|
|0 0
|1 0
|2 ddc
|4 0
|6 305_420100000000000_SUB_2007
|7 0
|9 7102
|a BRACUL
|b BRACUL
|c GEN
|d 2010-01-12
|l 2
|m 26
|o 305.4201 SUB
|p 3010016580
|r 2015-09-08
|s 2015-03-07
|t 1
|w 2010-01-12
|y BK
|